Регионална библиотека "Любен Каравелов" - Русе

Истината (Запис номер 84960)

MARC детайли
000 -Лидер
Контролно поле с фиксирана дължина 02676nam a2200505 c 4500
003 - Код на организацията, давaща контролен номер
Контролно поле BLK
005 - Дата и час на последна редакция
Контролно поле 20250422093224.0
008 - Елементи от данни с фиксирана дължина
fixed length control field 180408b bul|||||r ||||||| ||bul||
010 ## - Наследен системен номер
LC control number KNG00089555000
020 ## - Международен стандартен номер на книга ISBN
Международен стандартен номер на книга ISBN 978-954-28-0473-4
-- издат.: Сиела Софт енд Паблишинг
040 ## - Източник на каталожния запис
Идентификатор на билиотеката - собственик на записа BLK
041 ## - Код за език
Код за езика на текст/звукозапис или на отделно заглавие Български
Код за езика КДБФ Български
080 ## - УДК
Текстов определител УДК Българска литература
УДК код - определител по УДК 821.163.2
УДК определител -94
УДК - код + определител 821.163.2-94
080 ## - УДК
Текстов определител УДК Музикални изпълнители (инструменталисти, певци), интерпретатори, диригенти
УДК код - определител по УДК 78.071.2
УДК определител (497.2)(092)(093.3)(0:82-9)
УДК - код + определител 78.071.2(497.2)(092)(093.3)(0:82-9)
080 ## - УДК
Текстов определител УДК Петрова, Лили Иванова. Българска естрадна певица
УДК код - определител по УДК 929 Иванова, Лили
УДК определител
УДК - код + определител 929 Иванова, Лили
100 ## - Редна дума - Автор
Автор Иванова, Лили
Дати, свързани с автора 1939 -
Пълна форма на името Петрова, Лиляна Иванова ; Петрова, Лили Иванова
R(LIN) 278725
139 ## - Редно поле
Редна дума Иванова, Лили
Авторски знак Иванова - И 22
245 10 - Сведения за заглавието
Заглавие Истината
Редно поле (дума) Лили Иванова; ред. Мартин Карбовски.
257 ## - Страна на издаване
Страна на създаване/издаване България
260 ## - Област на издателските данни
-- София
Име на издателя, разпространителя и проч. Сиела Софт енд Паблишинг
Година на издаване 2009
300 ## - Физическа характеристика
Страници 272 с., 24 л.
Илюстрации и др. сн.
Размери/Мащаб 22 см
380 ## - Жанр
Жанр Худож. лит.
500 ## - Общи забележки
Забележка Пълното име на авт. е Лили Иванова Петрова ; Истинското име на ред. М. Карбовски е Мартин Кирилов Богданов. - Офс. изд. - Съдържа и Discographie 1963 - 2003.
590 ## - Забележки на библиотеката, притежаваща документа (RLIN)
Служебно ф
600 #0 - Име на лице, използвано като предмет
За него / За нея Иванова, Лили
Свързани дати 1939 -
Пълна форма на името Петрова, Лиляна Иванова ; Петрова, Лили Иванова
9 (RLIN) 278725
650 #4 - Допълнително описание по предмет – тема
Основно описание – тема или топоним Иванова, Лили
9 (RLIN) 278725
650 #4 - Допълнително описание по предмет – тема
Основно описание – тема или топоним Певци, български
9 (RLIN) 262635
650 #4 - Допълнително описание по предмет – тема
Основно описание – тема или топоним Музиканти, български - мемоари, спомени, интервюта
9 (RLIN) 255674
650 #4 - Допълнително описание по предмет – тема
Основно описание – тема или топоним Естрадни изпълнители, български - спомени
9 (RLIN) 266318
651 #4 - Допълнително описание по предмет - топоним
Географско понятие България
9 (RLIN) 241624
653 ## - Ключова дума – ненормативна
Ключова дума Лили Иванова
653 ## - Ключова дума – ненормативна
Ключова дума български певци
653 ## - Ключова дума – ненормативна
Ключова дума български музиканти
653 ## - Ключова дума – ненормативна
Ключова дума естрадни певци
653 ## - Ключова дума – ненормативна
Ключова дума биографии
653 ## - Ключова дума – ненормативна
Ключова дума спомени
653 ## - Ключова дума – ненормативна
Ключова дума мемоари
700 1# - Други автори (авторска отговорност)
Лично име Карбовски, Мартин
Автороска отговорност (Описва отношението между автора и произведението) ред.
Друга информация Богданов, Мартин Кирилов
9 (RLIN) 77006
852 ## - Местоположение
Форматна сигнатура Цб 244046
856 4# - Електронен адрес и достъп
Електронен формат pdf - файл
Път до файла /url/
856 4# - Електронен адрес и достъп
Електронен формат pdf - файл
Път до файла /url/
942 ## - АРТИКУЛИ
Вид на библиотечния материал Книги
Скрит в OPAC Не
Koha issues (borrowed), all copies 75
944 ## - СЪЗДАВАНЕ И РЕДАКЦИЯ на ЗАПИСА
Създаване/Редакция Създаване
Дата на регистрацията/редакция 19.05.2009
Статус, дата на статуса Минев Младен
Служител, извършил регистрацията/редакцията 30530
944 ## - СЪЗДАВАНЕ И РЕДАКЦИЯ на ЗАПИСА
Създаване/Редакция Редакция
Дата на регистрацията/редакция 13.09.2010
Статус, дата на статуса ф /
Служител, извършил регистрацията/редакцията
999 ## - СИСТЕМНИ КОНТРОЛНИ НОМЕРА
Koha biblionumber 84960
Koha biblioitemnumber 84960
Наличности
Код за отписване Код за изгубен артикул Източник на класификационната схема Код за повреда Коз за рестрикции Код за отдаване Артикулен № Име на библиотеката - собственик Име на библиотеката, в която се намира в момента Статус (Текущо местоположение) Дата на вписване в системата Местоположение - отдел Цена в лева Инвентарен номер Систематично азбучна сигнатура Баркод Номер на екземпляра Цена в евро Служебна бележка Служебен тип на артикула
  Не е изгубен Universal Decimal Classification Не е повреден без рестрикции заемане за дома 137803 Регионална библиотека "Любен Каравелов" Русе Регионална библиотека "Любен Каравелов" Русе Заемна - подръчен фонд 2009-05-19 Заемна - подръчен фонд 18.00 120000735689 П 886.7-9/И 22 120000735689 1 9.20 Дост: Pk Вид: Ф N: 40 Дата: 19.05.2009 Дата инв: 15.02.2018 Бележки инв: П2018 Книги
  Не е изгубен Universal Decimal Classification Не е повреден без рестрикции заемане за дома 137804 Регионална библиотека "Любен Каравелов" Русе Регионална библиотека "Любен Каравелов" Русе Заемна - подръчен фонд 2009-05-19 Заемна - подръчен фонд 18.00 120000735690 821.163.2--9/И 22 120000735690 2 9.20 Дост: Pk Вид: Ф N: 40 Дата: 19.05.2009 Дата инв: 13.02.2018 Бележки инв: П2018 Книги
  Не е изгубен   Не е повреден без рестрикции заемане за дома 137805 Регионална библиотека "Любен Каравелов" Русе Регионална библиотека "Любен Каравелов" Русе Заемна - подръчен фонд 2009-05-19 Заемна - подръчен фонд 18.00 120000735691 П 886.7-9/И 22 120000735691 3 9.20 Дост: Pk Вид: Ф N: 40 Дата: 19.05.2009 Дата инв: 15.02.2018 Бележки инв: П2018 Книги
  Не е изгубен Universal Decimal Classification Не е повреден без рестрикции заемане за дома 137806 Регионална библиотека "Любен Каравелов" Русе Регионална библиотека "Любен Каравелов" Русе Заемна - подръчен фонд 2009-05-19 Заемна - подръчен фонд 18.00 120000735692 П 886.7-9/И 22 120000735692 4 9.20 Дост: Pk Вид: Ф N: 40 Дата: 19.05.2009 Дата инв: 13.02.2018 Бележки инв: П2018 Книги
Изтеглен Не е изгубен Universal Decimal Classification Не е повреден без рестрикции заемане за дома 137807 Регионална библиотека "Любен Каравелов" Русе Регионална библиотека "Любен Каравелов" Русе Заемна - подръчен фонд 2009-05-19 Заемна - подръчен фонд 18.00 120000735693 П 886.7-9/И 22 120000735693 5 9.20 Дост: Pk Вид: Ф N: 40 Дата: 19.05.2009 Книги
  Не е изгубен   Не е повреден без рестрикции ползва се в читалня 137808 Регионална библиотека "Любен Каравелов" Русе Регионална библиотека "Любен Каравелов" Русе Хранилище 2010-09-02 Хранилище 18.00 120000745440 Цб 244046 120000745440 6 9.20 Дост: Dp Вид: Д N: 50 Дата: 02.12.2009 Книги
Vip Innovations Ltd, Rousse, Bulgaria 2025